[Event "GER GM07-A email"]
[Site "GER email"]
[Date "2018.06.19"]
[Round "?"]
[White "Bescos Anzano, Manuel Jesus"]
[Black "Korze, Danilo"]
[Result "1/2-1/2"]
[WhiteElo "2561"]
[BlackElo "2567"]
[PlyCount "58"]
[EventDate "2018.??.??"]
[EventType "tourn (corr)"]
[EventRounds "13"]
[EventCountry "GER"]
[SourceTitle "Corr 2020"]
[Source "ChessBase"]
[SourceDate "2019.09.30"]
[SourceVersion "1"]
[SourceVersionDate "2019.09.30"]
[SourceQuality "1"]

1. e4 e5 2. Nf3 Nc6 3. Bc4 Bc5 4. 0-0 Nf6 5. d3 d6 6. c3 a6 7. a4 h6 8. h3 0-0 9. Re1 a5 10. Nbd2 Be6 11. b3 d5 12. exd5 Nxd5 13. Qc2 Re8 14. Ne4 Bf8 15. Bb5 f6 16. Bd2 Qd7 17. Rad1 Rad8 18. Ng3 Bf7 19. Qc1 Qc8 20. Kh2 Nde7 21. Qb1 Bg6 22. Bc4+ Nd5 23. Qc1 Kh8 24. Kg1 Re6 25. Re2 Red6 26. Ne4 R6d7 27. Ng3 Rd6 28. Ne4 R6d7 29. Ng3 Rd6 1/2-1/2

[Event "GER GM07-A email"]
[Site "GER email"]
[Date "2018.06.19"]
[Round "?"]
[White "Oliveira, Joao"]
[Black "Bescos Anzano, Manuel Jesus"]
[Result "1/2-1/2"]
[WhiteElo "2587"]
[BlackElo "2561"]
[PlyCount "105"]
[EventDate "2018.??.??"]
[EventType "tourn (corr)"]
[EventRounds "13"]
[EventCountry "GER"]
[SourceTitle "Corr 2022"]
[Source "ChessBase"]
[SourceDate "2021.10.24"]
[SourceVersion "1"]
[SourceVersionDate "2021.10.24"]
[SourceQuality "1"]

1. Nf3 d5 2. d4 Nf6 3. c4 e6 4. g3 Bb4+ 5. Bd2 Be7 6. Bg2 0-0 7. 0-0 c6 8. Bf4 Nbd7 9. Qc2 b6 10. Rd1 Ba6 11. cxd5 cxd5 12. Ne5 Nxe5 13. dxe5 Ng4 14. Bf3 f5 15. exf6 Nxf6 16. Qa4 Bb7 17. Nd2 Bd6 18. Bxd6 Qxd6 19. Nc4 Qc7 20. Ne3 Qf7 21. Rac1 e5 22. Qa3 Rfd8 23. Nf5 Rd7 24. Nd6 Qe6 25. Nxb7 Rxb7 26. Bg2 e4 27. Qb3 Re7 28. f3 exf3 29. Bxf3 Kh8 30. Rc2 Rae8 31. Rd4 h6 32. Qd3 Rd7 33. Rh4 Ne4 34. Rf4 Nc5 35. Qf5 g6 36. Qxe6 Nxe6 37. Rh4 Kg7 38. Rc6 h5 39. b4 Kf6 40. Rd4 Red8 41. Rd3 d4 42. h4 Ke5 43. Kf2 Rc7 44. Rxc7 Nxc7 45. e3 dxe3+ 46. Rxe3+ Kf6 47. Be2 Ne6 48. Rf3+ Ke7 49. Bc4 Rd4 50. Bb3 a6 51. Re3 Rd6 52. Bxe6 Rxe6 53. Kf3 1/2-1/2

[Event "GER GM07-A email"]
[Site "GER email"]
[Date "2018.06.19"]
[Round "?"]
[White "Wunderlich, Hans Dieter"]
[Black "Bescos Anzano, Manuel Jesus"]
[Result "1/2-1/2"]
[WhiteElo "2589"]
[BlackElo "2561"]
[PlyCount "81"]
[EventDate "2018.??.??"]
[EventType "tourn (corr)"]
[EventRounds "13"]
[EventCountry "GER"]
[SourceTitle "Corr 2020"]
[Source "ChessBase"]
[SourceDate "2019.09.30"]
[SourceVersion "1"]
[SourceVersionDate "2019.09.30"]
[SourceQuality "1"]

1. e4 e5 2. Nf3 Nc6 3. Bc4 Bc5 4. 0-0 Nf6 5. d3 0-0 6. Re1 d6 7. c3 a6 8. a4 Ba7 9. h3 Ne7 10. Nbd2 Ng6 11. d4 h6 12. Bd3 Re8 13. Bc2 Bd7 14. a5 Nh5 15. Nf1 exd4 16. cxd4 c5 17. d5 c4 18. Be3 Bxe3 19. Nxe3 Rc8 20. Ra3 Nhf4 21. Kh2 Qf6 22. Rc3 Nd3 23. Bxd3 cxd3 24. Qxd3 Rxc3 25. Qxc3 Qf4+ 26. Kg1 Qxe4 27. Qc7 Bb5 28. Qxd6 Nf4 29. Nf1 Nxh3+ 30. gxh3 Qxf3 31. Rxe8+ Bxe8 32. Qb8 Qe4 33. Ne3 Qe7 34. h4 Kh7 35. Qf4 Bb5 36. Kg2 f6 37. Kg3 Qc5 38. Qe4+ Kh8 39. Kg2 Qc7 40. b4 Qc1 41. Qe7 1/2-1/2